Electronique pour les transmissions numériques

Les dispositifs de transmission série à bas débit ou à courte distance peuvent fonctionner comme des bus électroniques, avec plusieurs composants connectés sur la même ligne. Le protocole de communication détermine quel composant peut émettre ; les autres reçoivent tous l'information...

Popoln opis

Shranjeno v:
Bibliografske podrobnosti
Glavni avtor: Hervé, Jacques
Format: Knjiga
Jezik:Undetermined
Izdano: Paris Ellipses 1993
Teme:
Oznake: Označite
Brez oznak, prvi označite!
Thư viện lưu trữ: Trung tâm Học liệu Trường Đại học Cần Thơ
LEADER 01036nam a2200193Ia 4500
001 CTU_232764
008 210402s9999 xx 000 0 und d
082 |a 621.382 
082 |b H579 
100 |a Hervé, Jacques 
245 0 |a Electronique pour les transmissions numériques 
245 0 |c Jacques Hervé 
260 |a Paris 
260 |b Ellipses 
260 |c 1993 
520 |a Les dispositifs de transmission série à bas débit ou à courte distance peuvent fonctionner comme des bus électroniques, avec plusieurs composants connectés sur la même ligne. Le protocole de communication détermine quel composant peut émettre ; les autres reçoivent tous l'information et l'exploitent si elle leur est destinée. La distance ne peut dépasser le quart de celle que le signal peut parcourir dans la durée la plus courte entre deux états successifs 
650 |a Truyền thông kỹ thuật số,Digital communications 
910 |b dqhieu 
980 |a Trung tâm Học liệu Trường Đại học Cần Thơ